000 03196nam a22005655i 4500
001 978-3-319-66002-8
003 DE-He213
005 20250103112321.0
007 cr nn 008mamaa
008 171009s2017 sz | s |||| 0|eng d
020 _a9783319660028
_9978-3-319-66002-8
024 _a10.1007/978-3-319-66002-8
_2doi
050 _aKZA1002-5205
050 _aKZD1002-6715
072 _aLBB
_2bicssc
072 _aLAW051000
_2bisacsh
072 _aLBB
_2thema
082 _a341.4
_223
100 _aChacón, Víctor Hugo.
_eauthor.
_4aut
_4http://id.loc.gov/vocabulary/relators/aut
245 _aThe Due Diligence in Maritime Transportation in the Technological Era
_h[electronic resource] /
_cby Víctor Hugo Chacón.
250 _a1st ed. 2017.
260 _aCham :
_bSpringer International Publishing :
_bImprint: Springer,
_c2017.
300 _aXV, 245 p.
_bonline resource.
336 _atext
_btxt
_2rdacontent
337 _acomputer
_bc
_2rdamedia
338 _aonline resource
_bcr
_2rdacarrier
347 _atext file
_bPDF
_2rda
490 _aSpringer Series on Naval Architecture, Marine Engineering, Shipbuilding and Shipping,
_x2194-8453 ;
_v5
520 _aThis book discusses the problem of sea carriers’ liability, with a particular focus on role of the technologies that have been employed to support maritime transport in recent decades. It examines the Hague Rules, providing an overview of the precedent standard of liability, its historical development up until its application, and its construction at the current time. To do so, it presents two exemplary studies from English and American case law, and analyzes the situations in which the courts have required the application of new technologies as part of the duties set in the current governing liability regime. Written in an easy-to-follow style, the book offers not only an unique overview of the applications of technologies in making ships both seaworthy and cargo-worthy, but also a practice-oriented guide to understanding and making decisions about sea carriers’ liability. It is intended for law practitioners as well as advanced graduate students and researchers in the field of maritime shipping, transport and insurance law.
650 _aLaw of the sea.
650 _aInternational law.
650 _aAeronautics
_xLaw and legislation.
650 _aIndustrial Management.
650 _aTransportation engineering.
650 _aTraffic engineering.
650 _aLaw of the Sea, Air and Outer Space.
650 _aIndustrial Management.
650 _aTransportation Technology and Traffic Engineering.
710 _aSpringerLink (Online service)
773 _tSpringer Nature eBook
776 _iPrinted edition:
_z9783319660011
776 _iPrinted edition:
_z9783319660035
776 _iPrinted edition:
_z9783319881492
830 _aSpringer Series on Naval Architecture, Marine Engineering, Shipbuilding and Shipping,
_x2194-8453 ;
_v5
856 _uhttps://doi.org/10.1007/978-3-319-66002-8
912 _aZDB-2-LCR
912 _aZDB-2-SXLC
999 _c12629
_d12629